Comprehensive development plan : south Johor economic region 2006-2025

Bibliographic Details
Format: Book
Language:English
Published: Kuala Lumpur : Khazanah Nasional 2006
Subjects:

MARC

LEADER 00000cam a2200000 7i4500
001 0000024433
005 20241114.0
008 120510s my a eng
040 |a INS   |b eng   |e rda 
090 0 0 |a HC445.5.J7   |b .C66 2006 
245 0 0 |a Comprehensive development plan :   |b south Johor economic region 2006-2025 
264 1 |a Kuala Lumpur :   |b Khazanah Nasional   |c 2006 
300 |a various paging :   |b illustrations ;   |c 29 cm. 
336 |a text  |2 rdacontent 
337 |a unmediated  |2 rdamedia 
338 |a volume  |2 rdacarrier 
650 0 |a City planning   |z Malaysia   |y 2006-2025 
651 0 |a Johor 
999 |a 1000000685   |b BOOK   |c Open Shelf   |e Default branch 
999 |a 1000000911   |b BOOK   |c Open Shelf   |e Default branch